000 00968nam a2200289 i 4500
001 000008924
003 DO-SdBNP
005 20250422092902.0
007 ta
008 090921s2001 dr 001 0 spa d
020 _a9993423130
040 _aDO-SdBNP
_bspa
_cBNPHU
_erda
082 4 _aRD864.44
_bV443m, 2001
_222
100 1 _aVeloz Maggilo, Marcio,
_eautor
_4aut.
_923494
245 1 3 _aLa memoria fermentada :
_bensayos bioliterarios /
_cMarcio Veloz Maggiolo ; edición, Rafael Bello Peguero.
250 _aSegunda edición
264 _aSanto Domingo :
_bAmigo del Hogar,
_c2001.
300 _a157 páginas ;
_c23 cm.
336 _atexto
_btxt
_2rdacontent
337 _asin mediación
_bn
_2rdamedia
338 _avolumen
_bnc
_2rdacarrier
650 4 _aLiteratura dominicana.
_967
650 4 _aEnsayos dominicanos
_965
700 1 _aBello Peguero, Rafael,
_d1932-2022
_eeditor
_4ed.
_92405
910 _aValidado. Control de calidad MMOLINA
942 _2ddc
_cLBS1
999 _c8690
_d8690